01172nam0a22002411 4500001001100000005001700011021001900028035002600047100004100073101000800114102000700122105001800129200021300147210006500360215002200425225013900447606014100586700010800727702003200835801001800867801002200885852002300907rc\421252920250611133612.0 aRUb[54-58338] a(NLR Aleph) 008209828 a20130415d1954 |||y0rusy50 ca0 arus aRU aa z |||||1 aОписание многотомных изданийfПод ред. В.Ф. СахароваgМ-во культуры РСФСР. Ленингр. гос. библ. ин-т им. Н.К. Крупской aМоскваcГоскультпросветиздатd1954 a40 с.cил.d221 aЛекции для студентов заочного отделения по курсу "Библиотечные каталоги" aМноготомные издания произведений печатиxБиблиографическое описание2psbo 17ca8rusaФирсовbГ. Г.f1902-1990gГеоргий Гаврилович3RU\NLR\AUTH\770217590 1aСахаровbВ.Ф.4340 0aRUbNLRgpsbo 1aRUbELAR2rusmarc aNLRjБ 7350/Ф627